000 01102cam a2200337 a 4500
001 1443
005 20230908150257.0
020 _a9780375830327
020 _a0375930310 (lib. bdg.)
040 _aDLC
_cDLC
_dDLC
_beng
050 0 0 _aPZ7.O81167
_bSe 2005
082 0 0 _aFic
_222
100 1 _aOsborne, Mary Pope.
245 1 0 _aSeason of the sandstorms /
_cby Mary Pope Osborne ; illustrated by Sal Murdocca.
250 _a1st ed.
260 _aNew York :
_bRandom House,
_c2005.
300 _a106 pages :
_billustrations ;
_c20 cm
490 _aMagic Tree House
_v34
500 _a"A Merlin mission."
500 _a"A Stepping Stone book."
505 _aN
520 _aGuided by a magic rhyme, Jack and Annie travel to ancient Baghdad on a mission to help the Caliph disseminate wisdom to the world.
521 _a580
_bLexile
521 _aN
_bRaz-Plus
650 1 _aTime travel
_vFiction.
650 1 _aMagic
_vFiction.
650 1 _aSiblings
_vFiction.
700 1 _aMurdocca, Sal
_eillustrator
906 _a7
_bcbc
_corignew
_d1
_eecip
_f20
_gy-gencatlg
942 _2ddc
_cBK
_n0
999 _c1443
_d1443